Balfour Beatty maintains top spot dominance (Record no. 79922)

MARC details
000 -LEADER
fixed length control field 00811cab a22001935a 4500
001 - CONTROL NUMBER
control field L142723
008 - FIXED-LENGTH DATA ELEMENTS--GENERAL INFORMATION
fixed length control field 040308e20080228xxkd f s 000 0 eng d
035 ## - SYSTEM CONTROL NUMBER
System control number (Sirsi) u142723
041 0# - LANGUAGE CODE
Language code of text/sound track or separate title eng
100 1# - MAIN ENTRY--PERSONAL NAME
Personal name Menary, Steve
245 00 - TITLE STATEMENT
Title Balfour Beatty maintains top spot dominance
260 ## - PUBLICATION, DISTRIBUTION, ETC.
Date of publication, distribution, etc. 2008
490 #0 - SERIES STATEMENT
Series statement Construction News
Volume/sequential designation (7057) 28 February 2008, 18-19(2)
520 ## - SUMMARY, ETC.
Summary, etc. Monthly league compiled by Emap Glenigan showing Davis Langdon heading the quantity surveyor table for January 2008. Thomas and Adamson were runners up, with Gardiner and Theobald in third place. Balfour Beatty headed the contractor's league for the same period, with Costain in second place.
590 ## - LOCAL NOTE (RLIN)
Local note KA
651 #4 - SUBJECT ADDED ENTRY--GEOGRAPHIC NAME
Geographic name United Kingdom
Chronological subdivision
690 ## - LOCAL SUBJECT ADDED ENTRY--TOPICAL TERM (OCLC, RLIN)
Topical term or geographic name as entry element BUILT ENVIRONMENT-QUANTITY SURVEYING-QUANTITY SURVEYORS
942 ## - ADDED ENTRY ELEMENTS (KOHA)
Suppress in OPAC 0
Holdings
Withdrawn status Lost status Source of classification or shelving scheme Damaged status Not for loan Home library Current library Shelving location Date acquired Total Checkouts Full call number Barcode Date last seen Copy number Price effective from Koha item type
    Dewey Decimal Classification     London London Journal article 04/03/2008   L142723 142723-1001 06/08/2019 1 06/08/2019 Journal article